La infanta Carlota Joaquina y la política de España en América (Record no. 133233)

MARC details
000 -LEADER
campo de control de longitud fija 00523nam a2200157 4500
001 - NÚMERO DE CONTROL
campo de control 133233
003 - IDENTIFICADOR DE NÚMERO DE CONTROL
campo de control ES-MaACL
005 - FECHA Y HORA DE LA ÚLTIMA TRANSACCIÓN
campo de control 20230906194343.0
007 - CAMPO FIJO DE DESCRIPCIÓN FÍSICA--INFORMACIÓN GENERAL
campo de control de longitud fija t|
008 - DATOS DE LONGITUD FIJA--INFORMACIÓN GENERAL
campo de control de longitud fija 070214s1920 sp r ||||1| spa d
100 1# - ENTRADA PRINCIPAL--NOMBRE DE PERSONA
Nombre de persona Rubio Esteban, Julián María.
9 (RLIN) 100404
245 13 - MENCIÓN DEL TÍTULO
Título La infanta Carlota Joaquina y la política de España en América
Resto del título : (1808-1812) /
Mención de responsabilidad, etc. por Julián María Rubio.
260 ## - PUBLICACIÓN, DISTRIBUCIÓN, ETC.
Lugar de publicación, distribución, etc. Madrid :
Nombre del editor, distribuidor, etc. Estanislao Maestre,
Fecha de publicación, distribución, etc. 1920.
300 ## - DESCRIPCIÓN FÍSICA
Extensión XII, 304 p. :
Otras características físicas il. = ret. ;
Dimensiones 26 x 18 cm.
852 ## - LOCALIZACIÓN
Ubicación ES-MaACL
Número de control de estantería G-922
Holdings
Estatus retirado Estado de pérdida Estado de daño No para préstamo Biblioteca de origen Biblioteca actual Ubicación en estantería Fecha de adquisición Fuente de adquisición Total de préstamos Signatura topográfica completa Código de barras Visto por última vez Precio de reemplazo Tipo de ítem Koha
        Biblioteca del Ateneo de Madrid Biblioteca del Ateneo de Madrid Sala Pecera Planta 3 17/01/2008     G-922 1138699 23/02/2023 23/02/2023 Libro impreso